| 000 | 00570nam a2200205 4500 | ||
|---|---|---|---|
| 003 | OSt | ||
| 005 | 20240621073047.0 | ||
| 006 | a | ||
| 008 | 240621b |||||||| |||| 00| 0 eng d | ||
| 020 | _a1561586358 | ||
| 040 |
_aDWCL-Main lib. _cOC |
||
| 082 | _aCirc. 694.6 K19i 2002 | ||
| 100 | _aKatz, Gary | ||
| 245 | _aInstalling and Hanging Doors / | ||
| 260 |
_aNewton, CT : _bThe Taunton Press, Inc., _cc2002. |
||
| 300 |
_b215 p. : ill. ; _c25 cm. |
||
| 504 | _aIncludes index. | ||
| 650 | _a1. Doors-Handbooks, manuals,etc. | ||
| 942 |
_2ddc _n0 _cBK-CIRC _kCirc. |
||
| 999 |
_c1088 _d1088 |
||